000 00300nam a2200145Ia 4500
100 _aVrat/ Sardana
942 _cBK
654 _aproductivity
245 _aProductivity Management
260 _bNarosa
_aLondon
_c1998
082 _a658.4
_bVRA
300 _a300
546 _aENGLISH
999 _c28405
_d28405